|
|
|
|
| LEADER |
00662nam a2200169Ia 4500 |
| 008 |
151104b xxu||||| m||| 00| 0 eng d |
| 082 |
|
|
|a 303.484A
|
| 100 |
|
|
|a Ramdas V
|
| 245 |
|
|
|a Dr. B R Ambedkar as an educational and social reformer /
|c by Ramdas V
|
| 260 |
|
|
|c 2002.
|
| 502 |
|
|
|a Thesis (Ph.D.)-- Department of Education, University of Calicut, 2002.
|
| 504 |
|
|
|a Includes bibliographical references.
|
| 653 |
|
|
|a Social Science
|
| 796 |
|
|
|a Sivarajan, K.
|b Thesis advisor.
|c Dr.
|
| 942 |
|
|
|c TH
|
| 999 |
|
|
|c 109268
|d 109268
|
| 952 |
|
|
|0 0
|1 0
|4 0
|6 303_000000000000000_484A_RAM_A
|7 0
|9 113763
|a UL
|b UL
|c REF
|d 2015-11-09
|l 0
|o 303.484A RAM/A
|p NB4416
|r 2015-11-09
|w 2015-11-09
|y TH
|z 166
|